000 00230 a2200097 4500
001 36326
100 _aCowart, Robert
245 _aThe ABCs' of microsoft access
260 _aNew Dehli
_bBPB publication
_c
090 _c23556
_d23556
942 _aNUST-CAE
_cM
_c15065
999 _c271399
_d271399